Aguas envasadas

Bibliographic Details
Main Author: Tampo, Deborah
Format: Section = Libro
Language:Undetermined
Spanish
Published: México Limusa 1999
Subjects:
LEADER 00662nam a2200229Ia 4500
008 240830s9999 xx 000 0 und d
020 |a 968-18-4757-1 
040 |a CEDOC FIQ-RUSB / 663.61 T159 
041 |a spa 
082 |a 663.61 T159 
100 1 |a Tampo, Deborah 
245 1 0 |a Aguas envasadas 
260 |a México  |b Limusa  |c 1999 
300 |a 203 p. :il 
650 7 |a AGUA POTABLE EMBOTELLADA 
650 7 |b  CARACTERISTICAS FISICOQUIMICA - AGUAS ENVADAS 
650 7 |c  CONSERVACION, CALIDAD - AGUAS ENVASADAS 
650 7 |d  PROTECCION SANITARIA - MANTIALES 
650 7 |e  COMERCIALIZAICON - AGUAS ENVASADAS 
942 |c BK  |2 ddc 
991 |a TEXTO 
999 |c 13077